[Event "GRE-chT2 48th"]
[Site "Thessaloniki"]
[Date "2021.10.09"]
[Round "6.5"]
[White "Georgiadis, Ilias"]
[Black "Kafantaris, Pavlos"]
[Result "1/2-1/2"]
[WhiteElo "1462"]
[BlackElo "1602"]
[PlyCount "62"]
[EventDate "2021.10.05"]
[EventType "team-swiss"]
[EventRounds "7"]
[EventCountry "GRE"]
[SourceTitle "CBM 204 Extra"]
[Source "ChessBase"]
[SourceDate "2021.11.30"]
[SourceVersion "1"]
[SourceVersionDate "2021.11.30"]
[SourceQuality "1"]
[WhiteTeam "Serron PSSK"]
[BlackTeam "Triandrias OS"]
[WhiteTeamCountry "GRE"]
[BlackTeamCountry "GRE"]

1. e4 e5 2. Nf3 Nc6 3. Bc4 Nf6 4. d3 Be7 5. 0-0 0-0 6. Re1 d6 7. c3 h6 8. Nbd2 Kh8 9. Nf1 Nh7 10. Ng3 Ng5 11. Nxg5 Bxg5 12. Qh5 Bxc1 13. Raxc1 Qe7 14. Re3 Kh7 15. Nf5 Bxf5 16. exf5 Rad8 17. Bd5 Qf6 18. Bxc6 bxc6 19. Rce1 g6 20. fxg6+ fxg6 21. Qe2 c5 22. Rf3 Qe6 23. Rxf8 Rxf8 24. b3 Qd5 25. Rd1 Rf4 26. f3 a5 27. Rf1 Qc6 28. g3 Rf5 29. f4 Qd7 30. fxe5 Rxe5 31. Qf3 Rf5 1/2-1/2

[Event "Thessaloniki-Chalkidiki-chT B local"]
[Site "Thessaloniki"]
[Date "2019.01.13"]
[Round "1.7"]
[White "Georgiadis, Ilias"]
[Black "Mavridis, Diomidis"]
[Result "1-0"]
[WhiteElo "1274"]
[BlackElo "1324"]
[PlyCount "77"]
[EventDate "2019.01.13"]
[EventType "team-swiss"]
[EventRounds "9"]
[EventCountry "GRE"]
[SourceTitle "EXT 2020"]
[Source "ChessBase"]
[SourceDate "2019.10.17"]
[SourceVersion "1"]
[SourceVersionDate "2019.10.17"]
[SourceQuality "1"]

1. e4 e6 2. d4 d5 3. e5 c5 4. c3 cxd4 5. cxd4 Nc6 6. f4 Bb4+ 7. Bd2 Qb6 8. Nf3 Bd7 9. Bxb4 Nxb4 10. Nc3 Nc6 11. Qd2 a6 12. Be2 Nge7 13. 0-0 Nf5 14. Rfd1 f6 15. Kh1 Nb4 16. a3 Nc2 17. Qxc2 Ne3 18. Qd2 Nxd1 19. Rxd1 0-0-0 20. Rc1 Kb8 21. Bd1 Rc8 22. Ba4 Rhd8 23. Bd1 Qa5 24. g4 Rc7 25. Bc2 h6 26. exf6 gxf6 27. g5 hxg5 28. fxg5 f5 29. Ne5 Qb6 30. Bd1 Bb5 31. Bf3 Rh8 32. Rc2 Rh4 33. Nxb5 Qxb5 34. Be2 Rxc2 35. Qxc2 Qa5 36. b4 Qxa3 37. Nd7+ Ka7 38. Qc5+ Ka8 39. Qc8+ 1-0